[Event "Veneto-ch qf 79th"]
[Site "Padova"]
[Date "2020.02.22"]
[Round "3.19"]
[White "D'Angerio, Alessandro"]
[Black "De Bortoli, Francesco"]
[Result "0-1"]
[WhiteElo "2057"]
[BlackElo "1849"]
[PlyCount "102"]
[EventDate "2020.02.21"]
[EventType "swiss"]
[EventRounds "3"]
[EventCountry "ITA"]
[SourceTitle "EXT 2024"]
[Source "ChessBase"]
[SourceDate "2023.10.10"]
[SourceVersion "1"]
[SourceVersionDate "2023.10.10"]
[SourceQuality "1"]

1. d4 d5 2. c4 e6 3. Nc3 Nf6 4. cxd5 exd5 5. Bg5 Be7 6. e3 0-0 7. Bd3 c6 8. Nge2 Re8 9. Qc2 Nbd7 10. 0-0 Nf8 11. a3 Ne4 12. Bxe7 Qxe7 13. Rae1 Bf5 14. Nf4 g5 15. Nh5 Bg6 16. Ng3 f5 17. f3 Nxg3 18. hxg3 Qf6 19. Qd2 Re7 20. Bb1 Rae8 21. e4 f4 22. gxf4 gxf4 23. Ba2 Bf7 24. Rd1 Qg5 25. b4 Ng6 26. Rf2 Kh8 27. e5 Be6 28. Bb1 Rg7 29. Bxg6 Rxg6 30. Rc1 Qh4 31. Ne2 Rf8 32. Kf1 Qh1+ 33. Ng1 h5 34. Ke2 Rxg2 35. Kd3 Rxg1 36. Rxg1 Qxg1 37. Rh2 Bf5+ 38. Kc3 Qa1+ 39. Kb3 Qb1+ 40. Kc3 Bg6 41. Rh4 Qf5 42. Kb3 Kh7 43. Qc3 Kh6 44. Qc5 Qd3+ 45. Kb2 Rf5 46. Rh1 Qe2+ 47. Ka1 Qxf3 48. Qc1 Qe3 49. Qb2 f3 50. Rf1 f2 51. Ka2 Qe1 0-1